|
|
|
|
| LEADER |
00952nam a22002412a 4500 |
| 001 |
000158127 |
| 003 |
CZ BrMZK |
| 005 |
20090630204944.0 |
| 007 |
ta |
| 008 |
970107s1970 xo af f cze d |
| 040 |
|
|
|a BOA001
|b cze
|
| 100 |
1 |
|
|a Kostolný, Andrej,
|d 1903-1984
|7 jn19990004569
|
| 245 |
1 |
0 |
|a Jozef Gregor-Tajovský: Ženský zákon :
|b dramatický rozbor /
|c Andrej Kostolný
|
| 250 |
|
|
|a 1. vyd.
|
| 260 |
|
|
|a Bratislava :
|b Slovenské pedagogické nakladateľstvo,
|c 1970
|
| 300 |
|
|
|a 64 s., 11 obr. na příl.
|
| 490 |
1 |
|
|a Knižnica všeobecného vzdelania
|
| 830 |
|
0 |
|a Knižnica všeobecného vzdelania
|
| 910 |
|
|
|a BOA001
|b PK-A-0013.026
|b 1-0652.762
|
| 964 |
|
|
|a Gregor-Tajovský, Jozef - Ženský zákon - rozbory
|
| 990 |
|
|
|a BK
|
| 996 |
6 |
|
|b 2619494442
|c 1-0652.762
|l MZK
|r Sklad / do 1 hodiny
|n 0
|w 000158127
|u 000020
|a 1
|e BOA001
|j MZK50
|s P
|
| 996 |
7 |
|
|b 3119950717
|c PK-A-0013.026
|l MZK
|r Sklad / do 1 hodiny
|n 0
|w 000158127
|u 000010
|a 1
|e BOA001
|j MZK50
|s A
|